| 000 | 00406nam a2200157 a 4500 | ||
|---|---|---|---|
| 001 | 2312 | ||
| 005 | 20140414131848.0 | ||
| 008 | 001120s19uu xx 00 eng d | ||
| 020 | _a0-673-24120-3 | ||
| 050 |
_aM 372.4 _bC79 1981 |
||
| 245 |
_aCoping : _badult reading comprehension, level B. |
||
| 300 | _a63 p. : ill. ; cm. | ||
| 650 | _aReading. | ||
| 650 | _aReading comprehension. | ||
| 999 |
_c110023 _d110023 |
||